| 000 | 01783nam a2200337 i 4500 | ||
|---|---|---|---|
| 003 | EG-ScBUE | ||
| 005 | 20240116111412.0 | ||
| 008 | 100712s1971 le f b 000 0dara d | ||
| 040 |
_aEG-ScBUE _bara _erda _cEG-ScBUE _dEG-ScBUE |
||
| 041 | 1 |
_aara _heng |
|
| 082 | 0 | 4 |
_a909.097671 _bس ت و _222 |
| 100 | 1 |
_aستودارد، لوثروب، _eمؤلف. _916180 |
|
| 245 | 1 | 0 |
_aحاضر العالم الإسلامي / _cتأليف لوثروب ستودارد الأمريكي ؛ نقله إلى العربية الأستاذ عجاج نويهض. وفيه فصول وتعليقات وحواش مستفيضة عن دقائق أحوال الأمم الإسلامية وتطورها الحديث بقلم أمير البيان والمجاهد الكبير شكيب أرسلان. |
| 250 | _aالطبعة الثالثة. | ||
| 264 | 1 |
_a[بيروت] : _bدار الفكر، _c1971. |
|
| 300 |
_a4 أجزاء في 2 مجلد ؛ _c24 سم |
||
| 336 |
_2rdacontent _aنص _btxt |
||
| 337 |
_aبدون وسيط _2rdamedia _bn |
||
| 338 |
_aمجلد _bnc _2rdacarrier |
||
| 505 | 0 | _aالمجلد الأول (الجزء الأول-الجزء الثاني) -- المجلد الثاني (الجزء الثالث-الجزء الرابع). | |
| 541 |
_aعلاء عبد الغني ؛ _cإهداء ؛ |
||
| 546 | _aالنص باللغة العربية ؛ مترجم من اللغة الإنجليزية. | ||
| 650 | 7 |
_aالإسلام _xتاريخ. _2BUEsh |
|
| 650 | 7 |
_aالاستشراق والمستشرقون. _2BUEsh |
|
| 651 |
_aالبلاد الإسلامية _xتاريخ _yقرن 20. _2BUEsh |
||
| 653 |
_bGGEN _cJanuary2018 |
||
| 655 | _vReading book | ||
| 700 | 1 |
_aنويهض، عجاج، _eمترجم. _916181 |
|
| 700 | 1 |
_aأرسلان، شكي، _eمؤلف. _916182 |
|
| 942 | _2ddc | ||
| 999 |
_c14459 _d14459 |
||